<?xml version="1.0" encoding="UTF-8"?>
<record
    xmlns:xsi="http://www.w3.org/2001/XMLSchema-instance"
    xsi:schemaLocation="http://www.loc.gov/MARC21/slim http://www.loc.gov/standards/marcxml/schema/MARC21slim.xsd"
    xmlns="http://www.loc.gov/MARC21/slim">

  <leader>01054aam a2200349   4500</leader>
  <controlfield tag="005">20161121105447.0</controlfield>
  <controlfield tag="008">150407b        xxu||||| |||| 00| 0 spa d</controlfield>
  <datafield tag="041" ind1=" " ind2=" ">
    <subfield code="a">Espa&#xF1;ol</subfield>
  </datafield>
  <datafield tag="082" ind1=" " ind2=" ">
    <subfield code="a">972.86 M183d</subfield>
  </datafield>
  <datafield tag="100" ind1=" " ind2=" ">
    <subfield code="a">Madr&#xED;z D&#xED;az, Jose Rub&#xE9;n</subfield>
    <subfield code="9">33047</subfield>
  </datafield>
  <datafield tag="245" ind1=" " ind2=" ">
    <subfield code="a">D&#xE9;cime c&#xF3;mo es Costa Rica: tomo 2</subfield>
  </datafield>
  <datafield tag="260" ind1=" " ind2=" ">
    <subfield code="a">Costa Rica</subfield>
    <subfield code="b">EDUCA</subfield>
    <subfield code="c">2013</subfield>
  </datafield>
  <datafield tag="300" ind1=" " ind2=" ">
    <subfield code="a">337 p&#xE1;ginas </subfield>
  </datafield>
  <datafield tag="650" ind1=" " ind2=" ">
    <subfield code="a">COSTA RICA</subfield>
    <subfield code="9">33048</subfield>
  </datafield>
  <datafield tag="650" ind1=" " ind2=" ">
    <subfield code="a">HISTORIA</subfield>
    <subfield code="9">43</subfield>
  </datafield>
  <datafield tag="650" ind1=" " ind2=" ">
    <subfield code="a">GEOGRAF&#xCD;A</subfield>
    <subfield code="9">1138</subfield>
  </datafield>
  <datafield tag="650" ind1=" " ind2=" ">
    <subfield code="a">PRESIDENTES</subfield>
    <subfield code="9">15353</subfield>
  </datafield>
  <datafield tag="650" ind1=" " ind2=" ">
    <subfield code="a">HISTORIA ANTIGUA</subfield>
    <subfield code="9">25452</subfield>
  </datafield>
  <datafield tag="650" ind1=" " ind2=" ">
    <subfield code="a">IND&#xCD;GENAS</subfield>
    <subfield code="9">7550</subfield>
  </datafield>
  <datafield tag="650" ind1=" " ind2=" ">
    <subfield code="a">CONQUISTA ESPA&#xD1;OLA</subfield>
    <subfield code="9">28047</subfield>
  </datafield>
  <datafield tag="650" ind1=" " ind2=" ">
    <subfield code="a">ESTRUCTURA COLONIAL</subfield>
    <subfield code="9">28048</subfield>
  </datafield>
  <datafield tag="650" ind1=" " ind2=" ">
    <subfield code="a">MONARQUIA CONSTITUCIONAL</subfield>
    <subfield code="9">28049</subfield>
  </datafield>
  <datafield tag="650" ind1=" " ind2=" ">
    <subfield code="a">FEDERACI&#xD3;N CENTROAMERICANA</subfield>
    <subfield code="9">28050</subfield>
  </datafield>
  <datafield tag="650" ind1=" " ind2=" ">
    <subfield code="a">ESTADO COSTARRICENSE</subfield>
    <subfield code="9">28051</subfield>
  </datafield>
  <datafield tag="650" ind1=" " ind2=" ">
    <subfield code="a">ESTADO REPUBLICANO</subfield>
    <subfield code="9">28052</subfield>
  </datafield>
  <datafield tag="650" ind1=" " ind2=" ">
    <subfield code="a">TRADICIONES POPULARES</subfield>
    <subfield code="9">28053</subfield>
  </datafield>
  <datafield tag="650" ind1=" " ind2=" ">
    <subfield code="a">PODERES DEL ESTADO</subfield>
    <subfield code="9">11175</subfield>
  </datafield>
  <datafield tag="650" ind1=" " ind2=" ">
    <subfield code="a">PARTIDOS POLITICOS</subfield>
    <subfield code="9">18570</subfield>
  </datafield>
  <datafield tag="650" ind1=" " ind2=" ">
    <subfield code="a">COOPERATIVISMO</subfield>
    <subfield code="9">1432</subfield>
  </datafield>
  <datafield tag="650" ind1=" " ind2=" ">
    <subfield code="a">IND&#xCD;GENAS</subfield>
    <subfield code="9">7550</subfield>
  </datafield>
  <datafield tag="942" ind1=" " ind2=" ">
    <subfield code="c">BK</subfield>
  </datafield>
  <datafield tag="999" ind1=" " ind2=" ">
    <subfield code="c">3288</subfield>
    <subfield code="d">3288</subfield>
  </datafield>
  <datafield tag="952" ind1=" " ind2=" ">
    <subfield code="1">0</subfield>
    <subfield code="4">0</subfield>
    <subfield code="7">0</subfield>
    <subfield code="a">BACB</subfield>
    <subfield code="b">BACB</subfield>
    <subfield code="o">972.86 M183d</subfield>
    <subfield code="p">18041</subfield>
    <subfield code="w">2016-10-20</subfield>
    <subfield code="y">BK</subfield>
  </datafield>
</record>
